书目信息 |
| 题名: |
爱是一生的坚持
|
|
| 作者: | 杨小云 著 | |
| 分册: | ||
| 出版信息: | 北京 中国三峡出版社 2003.1 |
|
| 页数: | 171页 | |
| 开本: | 21cm | |
| 丛书名: | 生活咖啡房 | |
| 单 册: | ||
| 中图分类: | C913.1-49 | |
| 科图分类: | ||
| 主题词: | 爱情--通俗读物 | |
| 电子资源: | ||
| ISBN: | 7-80099-707-3 | |
| 000 | 00637nam2 2200229 45 | |
| 001 | 012004000000 | |
| 005 | 20041207151337.83 | |
| 010 | @a7-80099-707-3@dCNY 12.00 | |
| 100 | @a20040920d2003 em y0chiy0121 ea | |
| 101 | 0 | @achi |
| 102 | @aCN@b110000 | |
| 105 | @aa z 000yy | |
| 200 | 1 | @a爱是一生的坚持@Aai shi yi sheng de jian chi@f杨小云著 |
| 210 | @a北京@c中国三峡出版社@d2003.1 | |
| 215 | @a171页@c图@d21cm | |
| 225 | 2 | @a生活咖啡房 |
| 410 | 0 | @12001 @a生活咖啡房 |
| 606 | 0 | @a爱情@j通俗读物 |
| 690 | @aC913.1-49@v4 | |
| 701 | 0 | @a杨小云@Ayang xiao yun@4著 |
| 801 | 0 | @aCN@bQSSKw@c20041207 |
| 905 | @a10447@dC913.1-49@eY300 | |
| 爱是一生的坚持/杨小云著.-北京:中国三峡出版社,2003.1 |
| 171页:图;21cm.-(生活咖啡房) |
| ISBN 7-80099-707-3:CNY 12.00 |
| ● |
| 相关链接 |
|
|
|
正题名:爱是一生的坚持
索取号:C913.1-49/Y300
 
预约/预借
| 序号 | 登录号 | 条形码 | 馆藏地/架位号 | 状态 | 备注 |
| 1 | 431074 | 204310744 | 社科库509/509社科库 60排9列4层/ [索取号:C913.1-49/Y300] | 在馆 | |
| 2 | 431075 | 204310753 | 社科库509/ [索取号:C913.1-49/Y300] | 在馆 | |
| 3 | 431076 | 204310762 | 社科库509/509社科库 60排9列4层/ [索取号:C913.1-49/Y300] | 在馆 |